Evaluación educativa: teoría, metodología y aplicaciones en Areas de Conocimiento

Збережено в:
Бібліографічні деталі
Автор: Salmerón Pérez, Honorio (Автор)
Формат: Книга
Мова:Іспанська
Опубліковано: Granada Universitario 1997
Редагування:1a. ed
Предмети:
Теги: Додати тег
Немає тегів, Будьте першим, хто поставить тег для цього запису!

MARC

LEADER 00000nam a2200000 a 4500
001 UCK9331
003 CL-VaPUC
008 060428e19970000SP |||||||||||||||||spa|d
020 |a 8489908036 
082 0 4 |a 371.26  |b SAL  |2 21 
100 0 |a Salmerón Pérez, Honorio  |e author  |9 499063 
245 1 0 |a Evaluación educativa: teoría, metodología y aplicaciones en Areas de Conocimiento 
250 |a 1a. ed 
300 |a 438 p 
942 |c BK 
945 |d 20060428 00:00:00  |a cmena 
260 |a Granada  |b Universitario  |c 1997 
650 0 |a Evaluación de la educación   |9 237505 
650 0 |a Investigación educacional   |9 261192 
650 0 |a Métodos de investigación   |9 262618 
583 |a last modification  |c 20060428 00:00:00  |k Rodrigo Vera 
999 |c 316547  |d 316545 
952 |0 0  |1 0  |4 0  |6 371_260000000000000_SAL_1997  |7 0  |8 A  |9 391001  |a BIBEDU  |b BIBEDU  |d 2019-11-22  |i 4224558  |o 371.26 SAL 1997  |p 4224558  |r 2019-11-22  |w 2019-11-22  |y BK  |k EDU